000 01199nam a2200325 a 4500
001 000112393
003 CHAP
005 20220329144303.0
008 160309s2016 mx a |sm |||||||spa d
010 _a108854
011 _a109826
040 _cCHAP
090 _aTesis
100 0 0 _aSantillanes Chacón, Santos.
_9102417
245 1 0 _aPropuesta para mejorar la inserción al mercado de la agricultura familiar de la Sierrra Negra de Puebla
_h[En línea]
_cpor Santos Santillanes Chacón.
260 _aChapingo, Méx. :
_bEl autor,
_c2016.
500 _aPara ver el contenido del material haga clic en la liga
502 _aTesis (Maestro en Estrategia Agroempresarial) -- UACH. CIESTAAM
590 _aE5652GLJ
_b05
_c20160309
_lUCH01
_h1028
590 _aE5652GLJ
_b05
_c20160309
_lUCH01
_h1052
590 _aE5652GLJ
_b05
_c20160309
_lUCH01
_h1413
650 1 4 _aChile manzano
_xCostos de producción.
_922448
650 1 4 _aChile manzano
_xMercadeo.
_922460
650 1 4 _aChile manzano
_xRendimiento.
_922465
650 1 4 _aPuebla
_xCondiciones rurales.
_992871
856 _aFinding aid
_uhttp://10.13.5.2/tesis/sist112393.pdf
_zTeclea aquí
901 _aBK
942 _cTESIS
942 _n0
999 _c108854
_d108854